Seminar on Social Movement in North East India (Record no. 26376)

MARC details
000 -LEADER
fixed length control field 00295nam a22001097a 4500
082 ## - DEWEY DECIMAL CLASSIFICATION NUMBER
Classification number 301.44044
Item number SEM
245 ## - TITLE STATEMENT
Title Seminar on Social Movement in North East India
260 ## - PUBLICATION, DISTRIBUTION, ETC. (IMPRINT)
Place of publication Shillong,North East
Name of publisher ICSSR
Year of publication 1994
300 ## - PHYSICAL DESCRIPTION
Number of Pages v.p.
650 ## - SUBJECT ADDED ENTRY--TOPICAL TERM
Topical Term Movement,Social
Geographic subdivision North East India
942 ## - ADDED ENTRY ELEMENTS (KOHA)
Source of classification or shelving scheme Dewey Decimal Classification
Koha item type Books
Holdings
Withdrawn status Lost status Damaged status Not for loan Home library Current library Shelving location Date acquired Source of acquisition Full call number Accession Number Price effective from Koha item type
        NASSDOC Library NASSDOC Library On Display 04/01/2021 2021-01-04 301.44044 SEM 33769 04/01/2021 Books